[Event "Olympiad-39"]
[Site "Khanty-Mansiysk"]
[Date "2010.10.03"]
[Round "11.4"]
[White "Pashikian, Arman"]
[Black "Edouard, Romain"]
[Result "1/2-1/2"]
[WhiteElo "2639"]
[BlackElo "2636"]
[Annotator "Edouard,R"]
[PlyCount "88"]
[EventDate "2010.09.21"]
[EventType "team-swiss"]
[EventRounds "11"]
[EventCountry "RUS"]
[SourceTitle "CBM 139"]
[Source "ChessBase"]
[SourceDate "2010.11.18"]
[SourceVersion "1"]
[SourceVersionDate "2010.11.18"]
[SourceQuality "1"]
[WhiteTeam "Armenia"]
[BlackTeam "France"]
[WhiteTeamCountry "ARM"]
[BlackTeamCountry "FRA"]

{On round 10 we had faced Ukraine, the team that would be crowned Olympic
champions one day later. After a difficult defeat, we had to beat Armenia in
the last round to earn a quite wonderful place (between third and fifth). But
things got tougher. First Sebastien Feller, who later took a gold medal on
board 5, suddenly declared that he was sick and then had to be replaced by
Vlad Tkachiev, who didn't expect that and thus was much less prepared than
usually. Vlad made a good decision by drawing fairly quickly, but it put
Maxime in a tricky situation: after some good preparation from Aronian, should
he resolve himself to take a draw and let his teammates play with Black? This
would have been the right decision, but Maxime was a victim of his excellent
team spirit and suffered a difficult defeat by playing clumsily a position
that required a bit of precision. The situation was clear: Laurent (Fressinet)
and I had to win with the black pieces!} 1. d4 Nf6 2. c4 g6 3. Nc3 d5 4. Bg5 {
The Armenians had previously played another line in the tournament, without
success. So I was expecting a change and possibly the latter since this line
is very fashionable at the moment.} Bg7 $5 {A secondary but very interesting
move.} (4... Ne4 {is the main line.}) 5. Bxf6 Bxf6 6. cxd5 (6. Nxd5 Bg7 {
followed by ...c5, ...Nc6, and Black will get the pawn back easily.}) 6... c6
7. e4 $5 (7. dxc6 Bxd4 8. cxb7 Bxb7 {and Black's piece activity blithely
compensates for the sacrificed pawn.}) 7... O-O 8. e5 Bg7 9. Bc4 {The usual
move.} (9. dxc6 Nxc6 {is extremely bad for White, for instance:} 10. Nf3 (10.
Nge2 Qb6 $40) 10... Bg4 $40) 9... b5 10. Bb3 b4 11. Nce2 (11. Na4 {is the more
positional move: the knight aims to control the c5-square and not to attack on
the kingside. But I think that positions of this kind are good for Black who
will take on d5 and then prepare for ...f6 sooner or later.}) 11... cxd5 12. h4
$1 h5 $5 {A move I had looked at before the game, at the speed of light. In
fact the problem is simple. If White can play h5, Black has some space
problems. However the move ...h5 is compromising and risky because White will
be able to launch attacks based on sacrifices. So I think here either White
has a decisive attack, or Black has no problem at all. A perfect position to
play for a win in a match under high pressure (yes, yes, for France playing
for a Top 5 placing was like lifr in Hollywood!).} 13. Nf4 e6 14. Bc2 $6 {
The start of too slow a plan.} (14. g4 $1 {was the only way to claim something:
} Bh6 15. Qf3 (15. g5 Bg7 16. Bc2 Nc6 {is very good for Black (/\...Ne7, ...
Nf5) as all sacrifices are not working at all, for instance:} 17. Nxh5 $2 gxh5
18. Qxh5 Re8 $19) 15... Nc6 16. Nge2 hxg4 17. Qxg4 Ne7 $1 18. h5 g5 19. Nh3 Kh8
$1 20. Nxg5 Nf5 21. Rg1 Ba6 $132 {could follow.}) 14... Nc6 15. Rh3 $6 Qa5 $5 (
15... Qb6 16. Nge2 Ne7 {would also be better for Black.}) 16. b3 $2 (16. Kf1 {
was the only move, but of course Black is better, for instance after:} Ba6+ 17.
Nge2 Qb6 {with a very pleasant position.}) 16... Nxd4 $1 {A nice idea! But
unfortunately not the best.} (16... Qc7 $1 {is probably best:} 17. Nf3 (17. Rc1
$2 Nxd4 18. Qxd4 Bxe5 $19) 17... Nxd4 18. Nxd4 Bxe5 19. Nfe2 Bxd4 {A very
simple idea I missed.} 20. Nxd4 e5 {would give me a decisive advantage. Now
the move 15.Rh3 appears as even more of a mistake!!}) 17. Bxg6 $8 (17. Qxd4 Qc7
$19 {Everything is hanging for White!}) 17... Qc7 18. Re3 $8 {A quite
miraculous defence.} (18. Qxd4 $2 Bxe5 $19) 18... Nc6 $6 {First of all, not
the simplest. But also not the best!} (18... fxg6 19. Qxd4 Rf5 $3 (19... Bxe5
20. Qxe5 (20. Rxe5 $2 Rxf4 21. Qxf4 Qc3+ $19) 20... Qxe5 21. Rxe5 Rxf4 22. Nf3
{is not so simple.}) 20. Nf3 (20. Nxg6 $2 Kh7 21. Rg3 Ba6 {and White is
totally tied up, for example:} 22. Nf3 Bh6 {(/\...Rg8) with a totally winning
position.}) 20... Rb8 {followed by ...Bh6, with a huge plus.}) 19. Bc2 Nxe5 20.
Rc1 $1 {A big mistake at first sight, but in fact the best move!} (20. Nxh5 Bh6
21. f4 (21. Rg3+ Kh8 $40) 21... Ng6 $1 22. Ne2 f5 $1 $17) 20... Ng6 21. Nxg6 $2
(21. Nge2 $1 {The move I missed while going 18...Nc6! Now, White escapes!} Qd6
(21... Nxf4 $4 22. Bh7+ $18) 22. Bxg6 fxg6 23. Rxc8 $5 Raxc8 24. Rxe6 {
followed by Rxg6, and White will have enough counterplay to draw the game.})
21... fxg6 22. Nf3 Bh6 23. Ng5 (23. Bxg6 Qg7 $19) 23... Qh2 $2 {Around this
time, the situation became fun. Laurent Fressinet opted for a psychological
move and offered a draw to his opponent Akopian, who was (very) willing to
accept in a complicated position and 7 minutes each at the clock. Akopian had
to play on, on the advice of his captain. This provoked him into a 5-minute
period of thinking and observation. Later, Akopian blundered and thanks to it
we could save the day (2-2)!} (23... Qf4 {would instantly have won one more
pawn and and the game...}) 24. Qd3 Rf5 25. Qe2 Qh1+ $2 $138 (25... Rf6 $19) 26.
Kd2 Qxh4 27. Bxf5 {Oops, suddenly I realized about the Rxc8+ trick!!} gxf5 (
27... d4 28. Rxc8+ Rxc8 29. Bxe6+ Kg7 30. Bxc8 dxe3+ 31. fxe3 Qxg5 {would be
better for Black, but most probably not enough to get the full point.}) 28. Qb5
$1 {The only try for getting counterplay!} Qxg5 29. Qe8+ Bf8 $4 {One more
hallucination! This was probably my speciality in those olympiads. How could I
guess that after taking my opponent's knight on g5, my king was allowed to go
to h7??? The arbiter should have told me :-) Now my position goes from winning
to lost!!} (29... Kh7 30. Rc7+ Bg7 31. Kd1 $8 h4 32. Rxc8 Rxc8 33. Qxc8 Qxg2
34. Qxe6 Qf1+ 35. Kc2 Qxf2+ 36. Re2 Qf3 {should win for Black.}) 30. Rxc8 $2 {
Now it looks like my opponent had more or less the same hallucination: he took
on c8 instantly and forgot that my king could go to h7!} (30. Rc7 {just wins:}
Qh6 $8 (30... Qf6 31. Rg3+ Kh8 32. Kc2 $18) 31. Qf7+ Kh8 32. Ke1 h4 33. Rh3 $18
{No comment!}) 30... Rxc8 31. Qxe6+ Kh7 32. Qxc8 d4 33. Qxf8 dxe3+ 34. Ke2 $1 {
The endgame is just drawn.} exf2 35. Qf7+ Kh6 36. Qf8+ Qg7 37. Qd6+ Qg6 38.
Qf8+ Kg5 39. Qxb4 Qa6+ 40. Kxf2 Qxa2+ 41. Kf3 Qa6 42. Qe7+ Kg6 43. Qe8+ Kf6 44.
Qh8+ Kg6 {As I said earlier, we were able to save the match thanks to
Fressinet's victory on board 2!} 1/2-1/2

[Event "Dortmund op-A"]
[Site "Dortmund"]
[Date "1992.??.??"]
[Round "5"]
[White "Groszpeter, Attila"]
[Black "Ernst, Thomas"]
[Result "1/2-1/2"]
[WhiteElo "2495"]
[BlackElo "2535"]
[Annotator "Ernst,T"]
[PlyCount "27"]
[EventDate "1992.04.??"]
[EventType "swiss"]
[EventRounds "11"]
[EventCountry "GER"]
[SourceTitle "CBM 029"]
[Source "ChessBase"]
[SourceDate "1992.08.01"]
[SourceVersion "1"]
[SourceVersionDate "1992.08.01"]
[SourceQuality "1"]

1. d4 Nf6 2. c4 g6 3. Nc3 d5 4. Bg5 Ne4 5. Bf4 Nxc3 6. bxc3 Bg7 7. e3 O-O 8.
Nf3 (8. cxd5 Qxd5 9. Qb3 Qa5 10. Qb4 Qxb4 11. cxb4 c6 $14) 8... c5 9. Rc1 cxd4
10. cxd4 Nc6 11. cxd5 Qxd5 12. Qd2 Bg4 13. Be2 Rac8 14. h3 {Eine kurze, aber
inhaltsreiche Remispartie.} (14. Rc5 Qd7 15. O-O e5 16. Nxe5 Nxe5 17. Rxc8 Rxc8
18. Bxe5 Bxe5 19. Bxg4 Bxh2+ 20. Kxh2 Qxg4 21. Rc1 Rxc1 22. Qxc1 Qe2 $10) (14.
Rc5 Qd7 15. h3 Bxf3 16. Bxf3 e5 17. dxe5 Qxd2+ 18. Kxd2 Rfd8+ 19. Ke2 Nxe5 $1
$10) (14. h3 Be6 15. Bc4 $6 Qxc4 $1 16. Rxc4 Bxc4 $17) (14. h3 Be6 15. Rc5 $2
Qxa2 16. d5 Qxd2+ 17. Nxd2 Nb4 $17) (14. h3 Be6 15. a3 $1 $10) 1/2-1/2

[Event "EU-chT (Men) 21st"]
[Site "Heraklion"]
[Date "2017.11.01"]
[Round "5.4"]
[White "Aleksandrov, Aleksej"]
[Black "Tomczak, Jacek"]
[Result "0-1"]
[WhiteElo "2588"]
[BlackElo "2583"]
[Annotator "Fernandez,D"]
[PlyCount "122"]
[EventDate "2017.10.28"]
[EventType "team-swiss"]
[EventRounds "9"]
[EventCountry "GRE"]
[SourceTitle "CBM 182"]
[Source "ChessBase"]
[SourceDate "2018.01.17"]
[SourceVersion "1"]
[SourceVersionDate "2018.01.17"]
[SourceQuality "1"]
[WhiteTeam "Belarus"]
[BlackTeam "Poland"]
[WhiteTeamCountry "BLR"]
[BlackTeamCountry "POL"]
[WhiteClock "0:02:06"]
[BlackClock "0:04:00"]

1. d4 Nf6 2. c4 g6 3. Nc3 d5 4. e3 Bg7 5. cxd5 Nxd5 6. Nxd5 Qxd5 7. Ne2 O-O 8.
Nc3 Qd6 9. Be2 Rd8 10. O-O Na6 11. Ne4 Qb6 12. Bc4 Qc6 13. Nd2 Be6 14. Qb3 Bxc4
15. Nxc4 Qd5 $15 {White has been trying to play an excessively slow game, and
it has caught up with him now. Black is about to break open the centre.} 16.
Bd2 c5 17. Bc3 cxd4 18. exd4 Rac8 19. Na5 b6 20. Qxd5 Rxd5 21. Nb3 Nc7 22. a4
Ne6 23. Rfe1 Nxd4 (23... Kf8 $1 {There was no particular need to take the pawn
immediately.} 24. Rad1 Rcd8 25. Re4 Nc5 (25... R8d7) 26. Nxc5 bxc5 27. Rde1
R8d7 28. dxc5 Bxc3 29. bxc3 Rxc5 30. R4e3 Rc4 $17 {Takes the pawn under
slightly better circumstances.}) 24. Nxd4 Bxd4 25. Rxe7 Bxc3 26. bxc3 Ra5 27.
g3 Rxc3 28. Rd1 Rxa4 29. Rdd7 Rf3 30. Rxa7 Rxa7 31. Rxa7 Kg7 {So far we
haven't really seen much of a game. White has played a little bit insipidly,
but has not done anything too terrible other than misplacing a pawn. We get a
standard rook-behind-extra-outside-pawn ending.} 32. Rb7 Rb3 (32... Rf6 {
is another kind of winning try — Black will try and defend his kingside with
his rook.}) 33. h4 h5 34. Kg2 Kf6 35. Kf1 Ke6 {Correctly taking his time over
the push.} 36. Ke2 b5 37. Rb6+ Ke5 38. Rb7 f6 39. Re7+ Kf5 40. Rb7 Rb2+ 41. Kf3
Rb3+ 42. Ke2 Rb2+ 43. Kf3 Rb1 44. Rb8 b4 45. Rb5+ Ke6 46. Rb6+ Ke5 47. Rb5+ $2
{Against a black a-pawn, White could have afforded to raid Black's kingside
with his rook in this way, but here it looks suicidal.} (47. Ke3 {is the way
to keep this a book draw.} b3 48. Rb5+ $5 {Now.} (48. Kd3 $6 {is precarious.}
Kf5 $1 (48... b2 49. Ke2 g5 50. hxg5 fxg5 51. Kf3 $11) 49. Rb4 $1 (49. Rb5+ Kg4
50. Rb6 b2 $19) 49... g5 50. hxg5 fxg5 51. f3 $11) 48... Ke6 49. Kd2 b2 50. Ke2
$1 $11) 47... Kd4 $19 48. Rb6 b3 49. Rxf6 Kc5 50. Rf8 Rd1 51. Rb8 Kc4 52. Ke4
Rd4+ 53. Ke5 Rd5+ 54. Kf6 Rb5 55. Re8 b2 56. Re1 Rb6+ 57. Kg5 Kd3 $1 {Great
technique.} 58. f3 b1=Q 59. Rxb1 Rxb1 60. Kxg6 Rg1 61. g4 hxg4 0-1

[Event "Helsinki op"]
[Site "Helsinki"]
[Date "1992.??.??"]
[Round "5"]
[White "Ehlvest, Jaan"]
[Black "Neverov, Valeriy"]
[Result "0-1"]
[WhiteElo "2635"]
[BlackElo "2490"]
[Annotator "Ftacnik,L"]
[PlyCount "78"]
[EventDate "1992.09.??"]
[EventType "swiss"]
[EventRounds "9"]
[EventCountry "FIN"]
[SourceTitle "CBM 032"]
[Source "ChessBase"]
[SourceDate "1993.02.01"]
[SourceVersion "1"]
[SourceVersionDate "1993.02.01"]
[SourceQuality "1"]

1. d4 Nf6 2. c4 g6 3. Nc3 d5 4. Bg5 Ne4 5. Bf4 Nxc3 6. bxc3 Bg7 (6... dxc4 7.
e4 c5 8. Bxc4 Bg7 9. Ne2 Nc6 10. d5 Na5 11. Bd3 O-O 12. Bg5 Qc7 13. O-O $36 {
Shirov,A-Leko,P/London/1991/}) 7. e3 c5 8. cxd5 (8. Nf3 O-O 9. cxd5 cxd4 10.
cxd4 Qxd5 11. Be2 Nc6 12. O-O Bd7 13. Qb1 b6 14. Rc1 Rad8 15. Qb3 Qa5 16. Rab1
e5 17. Bg5 Rc8 18. d5 e4 19. Ne1 Ne5 20. Be7 Rfe8 $10 {Olafsson,H-Hellers/
Nordic zt/1992/}) 8... cxd4 (8... Qxd5 9. Qb3 $14) 9. cxd4 Qxd5 10. Nf3 Nc6 11.
Be2 Qa5+ $1 12. Qd2 O-O 13. Rc1 Be6 (13... Qxd2+ 14. Kxd2 Rd8 15. Bb5 e5 16.
Bxc6 exf4 $10) 14. Qxa5 Nxa5 15. Ng5 Rfc8 16. Rxc8+ Bxc8 (16... Rxc8 17. Nxe6
Rc1+ 18. Bd1 fxe6 19. O-O $16) 17. Bf3 $6 (17. Kd2 h6 18. Ne4 Be6 19. Nc5 Bxa2
20. Ra1 Nb3+ 21. Nxb3 Bxb3 22. Bf3 a5 23. Bxb7 Ra7 24. Be4 a4 $10) 17... Bd7
18. Bc7 Nc6 19. Kd2 Rc8 20. Bg3 e5 $1 21. dxe5 (21. Bd5 Be8 22. dxe5 Rd8 23. e4
Nb4 $17) 21... Nxe5 22. Bxb7 Rb8 23. Bxe5 Bxe5 24. Bd5 Rb2+ 25. Kd3 Rxf2 26.
Rb1 Bc8 $1 27. Bb7 $2 (27. Rc1 Bf5+ 28. Kc4 (28. e4 Bf4 29. Rb1 Bxg5 30. exf5
Rxf5 $15) 28... Kg7 $1 29. Nxf7 Bxh2 30. a4 Rc2+ $15) (27. Nxf7 $5 Rxf7 28.
Bxf7+ (28. Rf1 $4 Ba6+ $19) 28... Kxf7 29. h3 $15) 27... Bxb7 28. Rxb7 a5 29.
a4 Bxh2 30. g4 h6 31. Ne4 Ra2 32. Nc3 Ra3 $1 33. Kd4 (33. Rb5 Bd6 $19) 33...
Be5+ 34. Kxe5 Rxc3 35. Rb5 Rxe3+ 36. Kf4 Rc3 37. Rxa5 Kg7 38. Ra6 g5+ 39. Ke4
Rg3 0-1

[Event "Hoogovens op"]
[Site "Wijk aan Zee"]
[Date "1993.01.??"]
[Round "8"]
[White "Van der Sterren, Paul"]
[Black "Huzman, Alexander"]
[Result "0-1"]
[WhiteElo "2490"]
[BlackElo "2510"]
[Annotator "Ftacnik,L"]
[PlyCount "54"]
[EventDate "1993.01.??"]
[EventType "swiss"]
[EventRounds "12"]
[EventCountry "NED"]
[SourceTitle "CBM 034"]
[Source "ChessBase"]
[SourceDate "1993.06.01"]
[SourceVersion "1"]
[SourceVersionDate "1993.06.01"]
[SourceQuality "1"]

1. d4 Nf6 2. c4 g6 3. Nc3 d5 4. Bg5 Ne4 5. Bf4 Nxc3 6. bxc3 Bg7 7. e3 c5 8. Nf3
O-O (8... Nc6 9. cxd5 Qxd5 10. Be2 cxd4 11. cxd4 Qa5+ 12. Qd2 O-O 13. Qxa5 Nxa5
14. Bc7 $1 b6 (14... Nc6 $5) 15. Rc1 Be6 16. Rc2 Bf5 17. Rc3 Be6 18. a3 Nb3 19.
Ng5 Bd5 20. O-O Nc5 21. Rfc1 h6 22. Nf3 Ne6 $6 (22... Ne4 23. R3c2 Bb7 $14) 23.
Ba6 $16 {Yusupov,A-Smejkal,J/BRD/1993/}) 9. cxd5 cxd4 10. cxd4 Qxd5 11. Be2 Nc6
12. O-O Bf5 (12... Bd7) 13. Qa4 Qa5 14. Qb3 $6 (14. Qxa5 Nxa5 15. Rfc1 $10)
14... Qb4 $1 15. Rfc1 Rac8 (15... Rfc8 $4 16. Rxc6 $1 Qxb3 17. Rxc8+ $18) 16.
h3 a6 17. Qd1 (17. Rc5 Qxb3 18. axb3 Nxd4 $1 $19) 17... Rfd8 18. g4 $2 (18. Bd3
Bxd3 19. Qxd3 e5 20. Bg5 Rd7 (20... f6 21. Rab1 $10) 21. Rab1 Qa5 22. Qb3 exd4
23. exd4 Bxd4 24. Nxd4 Qxg5 $17) (18. Qf1 $5) 18... Be4 19. Nd2 $2 (19. Qe1 $17
) 19... e5 $1 20. Bg5 (20. Nxe4 exf4 21. Rab1 Qe7 22. Bf3 fxe3 23. fxe3 $17)
20... exd4 $1 21. Rc4 (21. Nxe4 dxe3 22. Bxd8 Rxd8 23. Bd3 (23. Qc2 Nd4 $19)
23... Bxa1 24. Rxa1 Ne5 $19) (21. Bxd8 Rxd8 (21... dxe3 22. Bg5 $1 exd2 23.
Bxd2 Qa3 24. Be3 Bxa1 25. Rxa1 $15) 22. Rc4 Qb2 23. Qc1 dxe3 24. Qxb2 Bxb2 25.
Rd1 Nd4 $19) 21... Qb2 22. Rac1 (22. Bxd8 Rxd8) 22... dxe3 23. Bxe3 Bd5 24.
R4c2 Qe5 25. Qf1 Qf6 26. Bc4 Nb4 27. Rc3 Nxa2 0-1

[Event "Biel SKA"]
[Site "Biel"]
[Date "1991.??.??"]
[Round "1"]
[White "Bareev, Evgeny"]
[Black "Gavrikov, Viktor"]
[Result "1-0"]
[WhiteElo "2680"]
[BlackElo "2585"]
[Annotator "Ftacnik,L"]
[PlyCount "77"]
[EventDate "1991.07.??"]
[EventType "tourn"]
[EventRounds "14"]
[EventCountry "SUI"]
[EventCategory "15"]
[SourceTitle "CBM 025"]
[Source "ChessBase"]
[SourceDate "1991.12.01"]
[SourceVersion "1"]
[SourceVersionDate "1991.12.01"]
[SourceQuality "1"]

1. d4 Nf6 2. c4 g6 3. Nc3 d5 4. Bg5 Ne4 5. Bf4 $5 Nxc3 6. bxc3 Bg7 (6... dxc4)
7. e3 (7. cxd5 Qxd5 8. e3 Qa5 9. Qd2 c5 10. Nf3 Nc6 11. Be2 O-O 12. O-O cxd4
13. cxd4 Qxd2 14. Nxd2 e5 $10 {Petersen-Olafsson/Varna ol/1962/}) 7... c5 8.
Nf3 O-O 9. Rb1 (9. Be2) 9... b6 10. Be2 dxc4 11. Bxc4 Nc6 (11... Ba6 $5 12. Qb3
Bxc4 13. Qxc4 cxd4 14. cxd4 Nd7 $10) 12. O-O Na5 13. Bd3 Bb7 14. Qe2 Rc8 15.
Rfd1 e6 16. e4 cxd4 17. cxd4 Qe7 18. h4 $6 Rfe8 $2 (18... Rfd8 19. Qe3 (19. e5
Bxf3 20. Qxf3 Rxd4) (19. Bg5 Bf6 $13) 19... Nc4 $132) 19. h5 Nc6 $6 20. Bb5 $1
Red8 21. Bg5 Bf6 22. Bxf6 Qxf6 23. Qe3 gxh5 $6 (23... a6 24. Be2 b5 25. a4 $1
b4 26. e5 Qe7 27. hxg6 hxg6 28. Qh6 $40) 24. Bf1 Ne7 25. Rb5 Rc5 26. Rxc5 bxc5
27. d5 $3 exd5 28. Qxc5 Rc8 29. e5 $1 Rxc5 (29... Qe6 30. Qxa7 Nc6 31. Qb6 $16)
30. exf6 Ng6 31. Re1 Rc6 (31... Rc8 32. Bb5 h6 33. Re7 $1) 32. Re8+ Nf8 33. Ne5
Re6 34. Bb5 a6 35. Ba4 (35. Bd7 $2 Rxf6) 35... h6 36. Re7 Bc8 37. Be8 Rxf6 38.
Bxf7+ Kh7 (38... Kh8 39. Re8 $18) 39. Be6+ {Ftacnik,L} 1-0

[Event "Olympiad-29"]
[Site "Novi Sad"]
[Date "1990.11.17"]
[Round "1"]
[White "Klinger, Josef"]
[Black "Ftacnik, Lubomir"]
[Result "0-1"]
[WhiteElo "2520"]
[BlackElo "2550"]
[Annotator "Ftacnik,L"]
[PlyCount "94"]
[EventDate "1990.11.17"]
[EventType "team-swiss"]
[EventRounds "14"]
[EventCountry "YUG"]
[SourceTitle "CBM 022"]
[Source "ChessBase"]
[SourceDate "1991.06.01"]
[SourceVersion "1"]
[SourceVersionDate "1991.06.01"]
[SourceQuality "1"]
[WhiteTeam "Austria"]
[BlackTeam "Czechoslovakia"]
[WhiteTeamCountry "AUT"]
[BlackTeamCountry "CSR"]

1. d4 Nf6 2. c4 g6 3. Nc3 d5 4. e3 Bg7 5. Qb3 e6 6. Qa3 Nc6 7. Nf3 Ne7 8. Be2 {
N} (8. Qa4+) 8... O-O 9. O-O b6 10. Bd2 (10. c5 Nd7) 10... dxc4 $6 (10... Bb7
11. Rfd1 Ne4) 11. Bxc4 (11. e4 Bb7 12. e5 Nfd5 13. Bg5 $1 $14) 11... Bb7 12.
Ba6 $2 (12. Rfe1 $1 Ned5 (12... c5 13. dxc5 $1 Bxf3 14. gxf3 Qxd2 15. Rad1 Qc2
16. Bd3 $18) 13. Rad1 (13. Bd3 a5) 13... Nxc3 14. Bxc3 Ne4 15. Bb4 Re8 16. Bb5
c6 17. Bd3 a5 $5) 12... Bxa6 (12... Bxf3 13. gxf3 c5 14. dxc5 $1 bxc5 15. Rfd1
Qb6 $14) 13. Qxa6 Nd7 14. Rfd1 c5 15. Rac1 (15. dxc5 Nxc5 16. Qe2 Qd3 $10)
15... Nf5 (15... cxd4 16. exd4 $1 Nf6 17. Bg5 $14) 16. dxc5 (16. d5 exd5 17.
Nxd5 Bxb2 18. Rb1 Bg7 19. e4 Nd4 $15) 16... Nxc5 17. Qa3 (17. Qe2 Qd3 18. Kf1
Rfd8 19. Be1 $10) 17... Nh4 $6 (17... Nd6 $1 18. Be1 Qe7 $10) 18. Ne1 $1 Nf5 (
18... Nd3 19. Nxd3 Qxd3 20. Qa4 $1 g5 $8 (20... Nf5 21. Be1 $18) 21. e4 Qd8 $16
) 19. e4 (19. b4 Nd3 20. Nxd3 Qxd3 21. Be1 (21. e4 Bxc3 22. Qxc3 Qxe4 23. Qf6
Qd4) 21... Qc4 22. Nd5 Qg4 23. f3 Qg5 24. f4 Qg4 25. Nc7 Rad8 $132) 19... Nd4 (
19... Nd6 20. Bf4 e5 21. Be3 $16) 20. b4 (20. Be3 e5 21. b4 Nce6 22. Qb2 f5
$132) 20... Nxe4 $1 (20... Nd7 21. Be3 e5 22. Bxd4 exd4 23. Nd5 $16) 21. Nxe4
Ne2+ 22. Kh1 (22. Kf1 Nxc1 23. Rxc1 Qd5 24. Qe3 Qxa2 $13) 22... Nxc1 23. Qxc1
$6 (23. Rxc1 $1 Qd5 (23... f5 24. Bg5 Qd5 25. Nc3 $14) 24. Qe3 $8 Qxa2 25. Bc3
e5 $13) 23... Qd5 $1 24. Qb1 (24. Nc3 Qc4 25. Nf3 Rac8 $17) (24. Qc2 Rfd8 (
24... Rac8 25. Qd3 $1 (25. Bc3 Qc4 $19)) 25. Nf3 Rac8) 24... Rfd8 25. Nf3 f5 (
25... Rac8 26. Re1 f5 27. Ng3 $13) 26. Ng3 (26. Neg5 e5) 26... e5 27. Nf1 Rac8
28. Re1 (28. Ne3 Qd3 $17) 28... Qd3 (28... e4 29. Ng1 Qd3 30. Be3) 29. Qxd3 (
29. Qd1 e4 30. Ng1 Rc2 $19) 29... Rxd3 30. h4 (30. Nxe5 Bxe5 31. Rxe5 Rxd2 $1
$19) (30. h3 e4 31. Ng5 Rc2 $19) 30... Rc2 $6 (30... e4 $1 31. Ng5 Rc2 32. Be3
Rxa2 $19) 31. Nxe5 $1 (31. Be3 e4 32. N3d2 Bc3 $19) 31... Bxe5 (31... Rdxd2 32.
Nxd2 Rxd2 33. Nc6 $132) 32. Rxe5 Rdxd2 33. Nxd2 Rxd2 34. a3 (34. Re7 Rxa2 35.
h5 Rxf2 36. Rxa7 Rb2 $19) (34. a4 Rxf2 35. Re7 Rf4 36. g3 Rg4 37. Kh2 f4 $1 38.
gxf4 Rxf4 39. Kg3 Rf7 $17) 34... Kf7 (34... Rxf2 35. Re7 Rf4 36. g3 Rg4 37. Kh2
f4 38. gxf4 Rxf4 39. Kg3 Rf7 $17) 35. Kg1 (35. f3 Rd3 36. a4 Rd4 37. Rb5 Rxh4+
38. Kg1 Rd4 39. a5 Rd6) 35... Rd3 36. Re3 $6 (36. a4 Rd1+ 37. Kh2 Rd4 38. Rb5
Rxh4+ 39. Kg1 Rd4 40. a5 Rd6 $17) 36... Rxe3 37. fxe3 Ke6 38. Kf2 (38. b5 Kd5
39. Kf2 Kc4 40. Kf3 Kxb5 41. g4 Ka4 42. gxf5 gxf5 43. Kf4 Kxa3 44. Kxf5 b5 $19)
38... Ke5 $2 (38... Kd5 39. Kf3 Kc4 40. Kf4 Kb3 41. g4 $1 (41. Kg5 Kxa3 42. Kh6
Kxb4 43. Kxh7 a5 44. Kxg6 a4 45. h5 a3 $19) 41... a5 (41... Kxa3 42. gxf5 gxf5
43. b5 Kb4 44. Kxf5 Kxb5 45. e4 Kc6 46. Kf6 Kd7 47. Kf7 Kd6 48. Kf6 $10) (41...
fxg4 42. e4 Kc4 43. Kxg4 h6 44. Kf4 Kd4 45. b5 g5+ 46. hxg5 hxg5+ 47. Kf5 g4
48. e5 $10) 42. bxa5 bxa5 43. gxf5 gxf5 44. Kxf5 Kxa3 45. e4 Kb4 46. e5 a4 47.
e6 a3 $10) (38... b5 $1 39. Ke2 Kd5 40. Kd3 Ke5 41. Kd2 Ke4 42. Ke2 h6 $19) 39.
b5 $1 Ke4 40. Ke2 h6 41. g3 Kd5 42. Kf3 g5 43. hxg5 hxg5 44. a4 $6 (44. g4 $2
fxg4+ 45. Kxg4 Ke4 46. Kxg5 Kxe3 47. Kf6 Kd4 48. Ke6 Kc5 49. a4 Kb4 $19) (44.
Kf2 $5 Kc4 (44... Ke4 45. Ke2 g4 46. a4 Ke5 47. Kd2 Kd6 48. Kc2 Ke6 49. Kc3 $1
Ke5 50. Kd2 $10) 45. Kf3 Kd3 (45... Kxb5 46. g4 fxg4+ 47. Kxg4 a5 48. Kxg5 Kc5
(48... Kc6 49. Kf4 b5 50. Ke4 $10) 49. e4 b5 50. e5 $10) 46. a4 Kc4 47. e4 (47.
g4 $2 fxg4+ 48. Kxg4 Kd3 49. Kf3 g4+ $19) 47... fxe4+ 48. Kxe4 Kb4 49. Kf5 Kxa4
50. Kxg5 Kxb5 51. g4 a5 52. Kf5 Kc6 53. g5 (53. Ke6 a4 54. g5 a3 55. g6 a2 56.
g7 a1=Q 57. g8=Q Qa2+ $19) 53... Kd6 $1 54. Kf6 a4 55. g6 a3 56. g7 a2 57. g8=Q
a1=Q+ 58. Kf5 Qe5+ 59. Kg4 Qe6+ 60. Qxe6+ Kxe6 61. Kf3 Kd5 62. Ke3 Kc4 63. Kd2
Kb3 $19) 44... Ke5 45. Ke2 Kd6 46. Kf3 Kd5 47. Ke2 Kc4 {Ftacnik,L} (47... Kc4
48. Kd2 (48. Kf3 Kd3 49. Kf2 g4 $19) 48... Kb4 49. Kd3 Kxa4 50. Kc4 g4 51. Kd5
Kxb5 52. Ke5 a5 53. Kxf5 a4 $19) 0-1